Giant brains or machines that think (Record no. 1064)

MARC details
000 -LEADER
fixed length control field 00504nam a2200169Ia 4500
003 - CONTROL NUMBER IDENTIFIER
control field IN-BaIIA
008 - FIXED-LENGTH DATA ELEMENTS--GENERAL INFORMATION
fixed length control field 211028s9999 xx 000 0 eng d
040 ## - CATALOGING SOURCE
Transcribing agency IIA Library
080 ## - UNIVERSAL DECIMAL CLASSIFICATION NUMBER
Universal Decimal Classification number 681.3
Item number BER
100 ## - MAIN ENTRY--PERSONAL NAME
Personal name Berkeley, E. C.
9 (RLIN) 2282
245 #0 - TITLE STATEMENT
Title Giant brains or machines that think
Statement of responsibility, etc. E. C. Berkeley
260 ## - PUBLICATION, DISTRIBUTION, ETC.
Place of publication, distribution, etc. New York,
Name of publisher, distributor, etc. John Wiley & Sons
Date of publication, distribution, etc. 1949
300 ## - PHYSICAL DESCRIPTION
Extent xvi, 270p.
650 ## - SUBJECT ADDED ENTRY--TOPICAL TERM
Topical term or geographic name entry element Computers
9 (RLIN) 2283
650 ## - SUBJECT ADDED ENTRY--TOPICAL TERM
Topical term or geographic name entry element NASA ThesaurusRadar
9 (RLIN) 2284
942 ## - ADDED ENTRY ELEMENTS (KOHA)
Koha item type Books
Holdings
Withdrawn status Lost status Damaged status Not for loan Home library Current library Shelving location Date acquired Total Checkouts Full call number Barcode Date last seen Price effective from Koha item type
        IIA Library-Bangalore IIA Library-Bangalore General Stacks     681.3/ BER 1119 05/11/2021   Books

Powered by Koha